Γεωλογία και γεωτεκτονική εξέλιξη της Ελλάδας

Αποθηκεύτηκε σε:
Λεπτομέρειες βιβλιογραφικής εγγραφής
Κύριος συγγραφέας: Μουντράκης, Δημοσθένης Μ.
Μορφή: Βιβλίο
Γλώσσα:Greek
Δημοσίευση: Θεσσαλονίκη : University Studio Press, 2010.
Θέματα:
Ετικέτες: Προσθήκη ετικέτας
Δεν υπάρχουν, Καταχωρήστε ετικέτα πρώτοι!

MARC

LEADER 00000nam a2200000 i 4500
001 1/61361
008 141210s2010####gr a 000 | gre||
020 |a 9789601219701 
035 |l 10120038 
040 |a GR-MY-UA  |b gre  |e aacr 
041 0 |a gre 
082 0 |a 554.95   |2 (23)  
100 1 |a Μουντράκης, Δημοσθένης Μ. 
245 1 0 |a Γεωλογία και γεωτεκτονική εξέλιξη της Ελλάδας /   |c Δημοσθένης Μ. Μουντράκης.  
260 |a Θεσσαλονίκη :   |b University Studio Press,   |c 2010.  
300 |a 373 σ. :   |b εικ., χάρτες ;   |c 28 εκ.  
504 |a Περιέχει βιβλιογραφικές παραπομπές.  
505 0 |a Πρόλογος -- Μέρος I: Η γεωλογία της Ελλάδας -- Α. Εισαγωγή -- Β. Ελληνική ενδοχώρα -- Γ. Εσωτερικές Ελληνίδες -- Δ. Εξωτερικές Ελληνίδες -- Ε. Οι μεταλπικοί σχηματισμοί του ελληνικού χώρου -- Η γεωλογία της Κύπρου -- Μέρος II: Γεωτεκτονική εξέλιξη της Ελλάδας -- Εισαγωγή -- Γεωδυναμική και γεωτεκτονική εξέλιξη του ορογενετικού συστήματος της Τηθύος στον Ελληνικό χώρο --Τεκτονική εξέλιξη του Ελληνικού ορογενούς. Γεωμετρία και κινηματική της παραμόρφωσης -- Νεοτεκτονική εξέλιξη και ενεργός γεωδυναμική και τεκτονική κατάσταση του ευρύτερου Ελληνικού χώρου -- Ενεργός γεωδυναμική σε παγκόσμια κλίμακα.  
650 0 |a Geology  |z Greece. 
852 |a INST  |b LESVOS  |c EUDOXUS  |e 20141210  |h 554.95 ΜΟΥ  |p 005100055694  |q 005100055694  |t EDX  |y 0 
852 |a INST  |b LESVOS  |c EUDOXUS  |e 20170113  |h 554.95 ΜΟΥ  |p 005100058631  |q 005100058631  |t EDX  |y 0 
852 |a INST  |b LESVOS  |c EUDOXUS  |e 20170113  |h 554.95 ΜΟΥ  |p 005100058632  |q 005100058632  |t EDX  |y 0 
901 |a BIBL1-2014-3 
909 |a Λ  |b 191242 
920 |a Εύδοξος  |b Παραγγελία  |y Λέσβος-ΤΓ  |z 2014-11 
920 |a Εύδοξος  |b Παραγγελία  |y Λέσβος-ΤΓ  |z 2016-012 
970 |a ΤΖΑΦΕΡΗ  |b ΕΥΑΓΓΕΛΙΑ  |z 2014/12/10